01452nam a2200277 a 450000100060000000300080000600500170001400800410003103500190007204000260009104100080011708200250012510000680015024500990021825000390031726000760035630000460043260000500047860000300052894200120055899900170057095201290058795201550071695201530087195201500102447294BD-RjUL20211209054305.0160808s1975 bg ||||| |||| 00| 0 ben d a(BD-RjUL)47413 aBD-RjULbbencBD-RjUL aben 223a297.63bKHM 1975 aখাঁ, মোহাম্মদ আকরাম.9137253 aমোস্তফা চরিত /cমোহাম্মদ আকরাম খাঁ a৪র্থ সংস্করণ aঢাকা :bঝিনুক পুস্তিকা,c১৯৭৫ a৮৭১ পৃ. ;c২১ সেমি. aমোহাম্মদ (সা:)9127697 aProphet Mohammad 9143955 2ddccBK c47294d47294 00102ddc40708NFICaRUCLbRUCLcStackd0000-00-00eWriterl0oB 297.63 KHM 1975r2016-08-08 00:00:00tC-2w2021-12-09yBK 00102ddc40708NFICaRUCLbRUCLcStackd1975-10-28eDhaka Oriental Book Houseg35.00l0oB 297.63 KHM 1975r2016-08-08 00:00:00tC-3w2016-08-08yBK 00102ddc40718NFICaRUCLbRUCLcReadingd1975-10-28eOriental Book serviceg35.00l0oB 297.63 KHM 1975r2021-10-24 00:00:00tC-1w2021-10-24yBK 00102ddc40708NFICaRUCLbRUCLcGENd1975-10-28eORIENTAL BOOK SERVICEg35.00l0oB 297.63 KHM 1975r2022-10-26 00:00:00tC-4w2022-10-26yBK